ऐसे जीव जिन्हें भूला नहीं जा सकता / (Record no. 32478)

MARC details
000 -LEADER
fixed length control field 03753nam a22003617a 4500
005 - DATE AND TIME OF LATEST TRANSACTION
control field 20091211101146.0
008 - FIXED-LENGTH DATA ELEMENTS--GENERAL INFORMATION
fixed length control field 091211t xxu||||| |||| 00| 0 hin d
020 ## - INTERNATIONAL STANDARD BOOK NUMBER
International Standard Book Number 9788123754147
Terms of availability 30.00
035 ## - SYSTEM CONTROL NUMBER
System control number B-375291-301
037 ## - SOURCE OF ACQUISITION
Source of stock number/acquisition तरूण बुक्स/VEN
040 ## - CATALOGING SOURCE
Original cataloging agency DPL
Language of cataloging HN
082 ## - DEWEY DECIMAL CLASSIFICATION NUMBER
Classification number
100 ## - MAIN ENTRY--PERSONAL NAME
Personal name बांड, रस्किन
9 (RLIN) 17293
245 ## - TITLE STATEMENT
Title ऐसे जीव जिन्हें भूला नहीं जा सकता /
Statement of responsibility, etc रस्किन बांड; विचार दास द्वारा अनुदित
260 ## - PUBLICATION, DISTRIBUTION, ETC. (IMPRINT)
Place of publication, distribution, etc नई दिल्ली
Name of publisher, distributor, etc नेशनल बुक ट्रस्ट
Date of publication, distribution, etc 2009
270 ## - ADDRESS
Address नेहरू भवन, 5 इंस्टीट्यूशनल एरिया, फेज-11, वसंत कुंज
City नई दिल्ली
Postal code 110070
300 ## - PHYSICAL DESCRIPTION
Extent वि.पृ
Dimensions 24सेमी (अजिल्द)
490 ## - SERIES STATEMENT
Series statement नेहरू बाल पुस्तकालय
-- 17294
700 ## - ADDED ENTRY--PERSONAL NAME
Personal name दास, विचार
9 (RLIN) 17295
942 ## - ADDED ENTRY ELEMENTS (KOHA)
Source of classification or shelving scheme Dewey Decimal Classification
Item type Children Books
Classification part
Call number suffix बांडर
Holdings
Withdrawn status Lost status Source of classification or shelving scheme Damaged status Not for loan Collection code Home library Current library Date acquired Source of acquisition Cost, normal purchase price Total Checkouts Full call number Barcode Date last seen Copy number Cost, replacement price Koha item type Total Renewals
Withdrawn   Dewey Decimal Classification     Fiction Andrews Gunj Andrews Gunj 27/08/2010 तरूण बुक्स/2011/29.01.10/283/16.01.10/15.02.10 30.00   क बांडर B-375296 27/08/2010 1 30.00 Children Books  
  Written-off vide DLB M. No. 383 dt 16.05.19 Dewey Decimal Classification     Fiction Janak Puri Janak Puri 27/08/2010 तरूण बुक्स/2011/29.01.10/283/16.01.10/15.02.10 30.00 15 क बांडर B-375292 28/06/2018 2 30.00 Children Books  
    Dewey Decimal Classification     Fiction Janak Puri Janak Puri 27/08/2010 तरूण बुक्स/2011/29.01.10/283/16.01.10/15.02.10 30.00 20 क बांडर B-375293 28/06/2018 2 30.00 Children Books  
    Dewey Decimal Classification     Fiction Karol Bagh Karol Bagh 27/08/2010 तरूण बुक्स/2011/29.01.10/283/16.01.10/15.02.10 30.00   क बांडर B-375300 27/08/2010 1 30.00 Children Books  
    Dewey Decimal Classification     Fiction Patel Nagar Patel Nagar 27/08/2010 तरूण बुक्स/2011/29.01.10/283/16.01.10/15.02.10 30.00   क बांडर B-375291 27/08/2010 1 30.00 Children Books  
    Dewey Decimal Classification     Fiction Qila Rai Pithora Qila Rai Pithora 27/08/2010 तरूण बुक्स/2011/29.01.10/283/16.01.10/15.02.10 30.00 1 क बांडर B-375298 11/06/2019 1 30.00 Children Books  
    Dewey Decimal Classification     Fiction R.K.Puram-8 R.K.Puram-8 27/08/2010 तरूण बुक्स/2011/29.01.10/283/16.01.10/15.02.10 30.00   क बांडर B-375295 27/08/2010 1 30.00 Children Books  
    Dewey Decimal Classification     Fiction Sarojini Nagar Sarojini Nagar 27/08/2010 तरूण बुक्स/2011/29.01.10/283/16.01.10/15.02.10 30.00   क बांडर B-375294 27/08/2010 1 30.00 Children Books  
  Written-off vide DLB M. No. 383 dt 16.05.19 Dewey Decimal Classification     Fiction Shahdara Branch Shahdara Branch 27/08/2010 तरूण बुक्स/2011/29.01.10/283/16.01.10/15.02.10 30.00   क बांडर B-375301 27/08/2010 1 30.00 Children Books  
  Written-off vide DLB M. No. 383 dt 16.05.19 Dewey Decimal Classification     Fiction Sriniwas Puri Sriniwas Puri 27/08/2010 तरूण बुक्स/2011/29.01.10/283/16.01.10/15.02.10 30.00   क बांडर B-375297 27/08/2010 1 30.00 Children Books  
    Dewey Decimal Classification     Fiction Vinoba Puri Vinoba Puri 27/08/2010 तरूण बुक्स/2011/29.01.10/283/16.01.10/15.02.10 30.00 3 क बांडर B-375299 31/01/2013 1 30.00 Children Books 1

© Delhi Public Library
Hit Counter
free hit counter